Statystyki dla Gminy w powiecie Krośnieńskim

Kliknij tutaj aby rozwiązać quiz!

Ogólne statystyki

  • Ten quiz został rozwiązany 68 razy
  • Średni wynik to 7 z 10

Statystyki odpowiedzi

RodzajGmina% Poprawnych
WiejskaMiejsce Piastowe
82%
Miejsko-wiejskaDukla
79%
Miejsko-wiejskaRymanów
79%
Miejsko-wiejskaIwonicz-Zdrój
76%
Miejsko-wiejskaJedlicze
68%
WiejskaKorczyna
68%
WiejskaKrościenko Wyżne
55%
WiejskaChorkówka
50%
WiejskaJaśliska
50%
WiejskaWojaszówka
50%

Rozkład punktacji

Percentyl według liczby udzielonych odpowiedzi

Procent ludzi z każdym wynikiem

Twoja historia wyników

Nie rozwiązałeś tego quizu